|
|
|
|
| LEADER |
00000nam0a2200000 4500 |
| 001 |
340282 |
| 005 |
20231102005225.0 |
| 010 |
|
|
|a 7111123182
|
| 035 |
|
|
|a (RuTPU)RU\TPU\book\367030
|
| 090 |
|
|
|a 340282
|
| 100 |
|
|
|a 20180313d2003 m y0engy50 ba
|
| 101 |
0 |
|
|a eng
|
| 102 |
|
|
|a CN
|
| 105 |
|
|
|a a j 001zy
|
| 200 |
1 |
|
|a Differential Equations with Boundary - Value Problems
|f D. G. Zill, M. R. Cullen
|
| 205 |
|
|
|a 5th ed.
|
| 210 |
|
|
|a Beijing
|c China Machine Press
|d 2003
|
| 215 |
|
|
|a 631 p.
|c il.
|
| 320 |
|
|
|a Index: p. I-1-I-10
|
| 606 |
1 |
|
|a Краевые задачи для обыкновенных дифференциальных уравнений
|2 stltpush
|3 (RuTPU)RU\TPU\subj\16071
|9 42259
|
| 610 |
1 |
|
|a математика
|
| 610 |
1 |
|
|a дифференциальные уравнения
|
| 610 |
1 |
|
|a математические модели
|
| 610 |
1 |
|
|a линейные уравнения
|
| 610 |
1 |
|
|a преобразования Лапласа
|
| 610 |
1 |
|
|a численные решения
|
| 610 |
1 |
|
|a ортогональные функции
|
| 610 |
1 |
|
|a ряды Фурье
|
| 610 |
1 |
|
|a интегральные преобразования
|
| 610 |
1 |
|
|a английский язык
|
| 610 |
1 |
|
|a китайский язык
|
| 610 |
1 |
|
|a учебные пособия
|
| 675 |
|
|
|a 517.927(075.8)
|v 4
|
| 700 |
|
1 |
|a Zill
|b D. G.
|g Dennis G.
|
| 701 |
|
1 |
|a Cullen
|b M. R.
|g Michael R.
|
| 801 |
|
1 |
|a RU
|b 63413507
|c 20180313
|
| 801 |
|
2 |
|a RU
|b 63413507
|c 20180412
|g RCR
|
| 942 |
|
|
|c BK
|